PODCASTING: zatím spíše guerillová technika

Nový trend v marketingovej komunikácii. Podcasting - využívanie internetu na nezávislé rozhlasové vysielanie. Využívanie podcastingu známymi spoločnosťami. Nový fenomén - nanocasting.

Gespeichert in:
Bibliographische Detailangaben
1. Verfasser: Frey, Petr
Format: Buchkapitel
Sprache:Tschechisch
Schlagworte:
Tags: Tag hinzufügen
Keine Tags, Fügen Sie das erste Tag hinzu!

MARC

LEADER 00000naa$a2200000$$$4500
001 0041023
005 20231018125836.3
041 0 |a cze 
044 |a CZ 
245 1 0 |a PODCASTING: zatím spíše guerillová technika  |c Petr Frey 
520 |a Nový trend v marketingovej komunikácii. Podcasting - využívanie internetu na nezávislé rozhlasové vysielanie. Využívanie podcastingu známymi spoločnosťami. Nový fenomén - nanocasting. 
610 2 0 |a marketing 
610 2 0 |a komunikácia marketingová 
610 2 0 |a nástroje marketingové 
610 2 0 |a rozhlas 
610 2 0 |a technológie informačné 
610 2 0 |a internet 
610 2 0 |a obchod 
100 1 |a Frey, Petr